Coach Bo will show you / (Registro nro. 12213)

Detalles MARC
000 -LEADER
fixed length control field 00866nam a22002657a 4500
001 - CONTROL NUMBER
control field 0007017
003 - CONTROL NUMBER IDENTIFIER
control field DO-SdBNP
005 - DATE AND TIME OF LATEST TRANSACTION
control field 20161201142047.0
007 - PHYSICAL DESCRIPTION FIXED FIELD--GENERAL INFORMATION
fixed length control field 000701
008 - FIXED-LENGTH DATA ELEMENTS--GENERAL INFORMATION
fixed length control field 161201b 2007 nyu a ||||| |||| 00| 0 spa d
020 ## - INTERNATIONAL STANDARD BOOK NUMBER
International Standard Book Number 9780764137235
040 ## - CATALOGING SOURCE
Original cataloging agency BPMSU
Language of cataloging spa
Transcribing agency BPMSU
082 ## - DEWEY DECIMAL CLASSIFICATION NUMBER
Classification number xxxx
Item number xxxx
100 1# - MAIN ENTRY--PERSONAL NAME
Personal name Marx, David F
245 10 - TITLE STATEMENT
Title Coach Bo will show you /
Statement of responsibility, etc. by David F. Marx ; illustrated by Karen Stormer Brooks.
260 ## - PUBLICATION, DISTRIBUTION, ETC. (IMPRINT)
Place of publication, distribution, etc. Hauppauge, New York :
Name of publisher, distributor, etc. Barron's,
Date of publication, distribution, etc. 2007
300 ## - PHYSICAL DESCRIPTION
Extent 24 p. :
Other physical details il. ;
Dimensions 23 cm.
490 1# - SERIES STATEMENT
Series statement Reader's clubhouse
500 ## - GENERAL NOTE
General note "Level 3"--Cover.
505 0# - FORMATTED CONTENTS NOTE
Title Coach Bo will show you --
-- Fun facts about sports --
-- Activity : make a mini-book --
-- Word list.
700 1# - ADDED ENTRY--PERSONAL NAME
Personal name Stormer Brooks, Karen,
Relator term il.
830 #0 - SERIES ADDED ENTRY--UNIFORM TITLE
Uniform title Reader's clubhouse
942 ## - ADDED ENTRY ELEMENTS (KOHA)
Source of classification or shelving scheme Dewey Decimal Classification
Koha item type Libros
956 ## - LOCAL ELECTRONIC LOCATION AND ACCESS (OCLC)
Access method LOPEREZ
Materials specified 10
Linkage 20161201
Field link and sequence number BPMSU
Host name 00041
Existencias
Withdrawn status Lost status Source of classification or shelving scheme Damaged status Not for loan Collection code Home library Current library Date acquired Source of acquisition Total Checkouts Full call number Barcode Date last seen Price effective from Koha item type
    Dewey Decimal Classification     Colección Infantil General Biblioteca Pública Metropolitana Salomé Ureña Biblioteca Pública Metropolitana Salomé Ureña 12/01/2016 FUNDI   xxxx xxxx BPMSU16120025 12/01/2016 12/01/2016 Libros